000 00307nam a22001217a 4500
008 160419b xxu||||| |||| 00| 0 eng d
020 _a9780803622647
020 _a0803622643
041 _aeng
080 _a618.2
245 _aFundamentals of Nursing:
_cJudith M. Wilkinson Leslie S.Treas;
942 _2udc
_cBK
999 _c1440
_d1440